Вып. 16; Томский политехник

Podrobná bibliografie
Parent link:Томский политехник: ежегодный журнал/ Томский политехнический университет (ТПУ), Ассоциация выпускников. Вып. 16.— , 1995-
Shrnutí:Тема номера: Уровневая подготовка специалистов
Jazyk:ruština
angličtina
Vydáno: 2010
Témata:
Médium: MixedMaterials Kniha
KOHA link:https://koha.lib.tpu.ru/cgi-bin/koha/opac-detail.pl?biblionumber=205734

MARC

LEADER 00000nam2a2200000 4500
001 205734
005 20231101225311.0
035 |a (RuTPU)RU\TPU\book\224220 
035 |a RU\TPU\book\218212 
090 |a 205734 
100 |a 20111213d2010 km y0rusy50 ca 
101 0 |a rus  |a eng 
102 |a RU 
105 |a ac z 000zd 
200 0 |a Вып. 16 
210 |d 2010 
215 |a 102 с.  |c ил. 
330 |a Тема номера: Уровневая подготовка специалистов 
461 1 |0 (RuTPU)RU\TPU\book\202435  |t Томский политехник  |o ежегодный журнал  |f Томский политехнический университет (ТПУ), Ассоциация выпускников  |v Вып. 16  |d 1995- 
606 1 |a Томский политехнический университет  |2 stltpush  |3 (RuTPU)RU\TPU\subj\67475  |9 83260 
610 1 |a Коллекция История ТПУ 
610 1 |a ТПУ 
610 1 |a Томский политехнический университет 
610 1 |a структура 
610 1 |a система управления 
610 1 |a подготовка специалистов 
610 1 |a высшее техническое образование 
610 1 |a инженерное образование 
610 1 |a образовательные стандарты 
610 1 |a международные стандарты 
610 1 |a образовательная деятельность 
610 1 |a научная деятельность 
686 |a Ч484(2)72ТПУ  |2 rubbk 
801 1 |a RU  |b 63413507  |c 20101101 
801 2 |a RU  |b 63413507  |c 20230620  |g RCR 
942 |c BK